| 000 | 09620cam a22010094i 4500 | ||
|---|---|---|---|
| 001 | u52046 | ||
| 003 | PE-LiUPU | ||
| 005 | 20250731184117.0 | ||
| 008 | 150726s2010 mx a rb 001 0 spa d | ||
| 020 | _a9786074480528 | ||
| 035 | _a(Sirsi) i9786074480528 | ||
| 040 |
_aPE-LiUPU _bspa _cPE-LiUPU _erda |
||
| 041 | 1 |
_aspa _heng |
|
| 082 | 0 | 4 |
_a001.8 _bG86 _220 |
| 082 | 0 | 4 |
_a808.06615 _bM2 _221 |
| 245 | 0 | 0 |
_aManual de publicaciones : _bde la American Psychological Association / _cTraduccido por Miroslava Gerra Frías ; editor Santiago Viveros Fuentes. |
| 250 | _aTercera edición. | ||
| 264 | 1 |
_aMexico : _bManual moderno, _c2010. |
|
| 300 |
_axviii, 262 páginas : _bilustraciones ; _c26 centímetros |
||
| 336 |
_atext _2rdacontent |
||
| 337 |
_aunmediated _2rdamedia |
||
| 338 |
_avolume _2rdacarrier |
||
| 500 | _aTraducción de: Publication manual of the American Psychological Association, 6th ed. | ||
| 504 | _aReferencias : páginas 253-254. | ||
| 504 | _aBibliografía en español: páginas 255-256. | ||
| 504 | _aÍndice: páginas 257-260. | ||
| 505 | 0 | _aEstilo de redacción para las ciencias sociales y conductuales -- Tipos de artículos -- Estándares éticos y legales en publicaciones -- Como asegurar la precisión del conocimiento científico -- Protección de los derechos y garantías de los participantes en la investigación -- Protección de los derechos de propiedad intelectual -- Estructura y contenido del manuscrito -- Estándares para la presentación de información en una publicación periódica. Elementos del manuscrito -- Documentos de muestra -- Como escribir con claridad y precisión -- Organización -- Cualidades de la relación -- Reducción de discriminaciones en el lenguaje -- Principios generales para reducir la discriminación -- Reducción de discriminaciones por tema -- Gramática y uso del idioma -- Aspectos prácticas de estilo -- Puntuación -- Ortografía -- Mayúsculas -- Cursivas -- Abreviaturas -- Números -- Conversión al sistema métrico -- Material estadístico y matemático -- Ecuaciones -- Visualización de resultados -- Pautas generales para tablas y figuras -- Tablas -- Figuras -- Presentación de datos electrofisiológicos, radiológicos y de índole biológica -- Citación de fuentes -- Cuando citar -- Citación y paráfrasis -- Citación de referencias en el texto -- Lista de referencias -- Elementos de una referencia -- Ejemplos de referencias -- Tipos y variantes -- Ejemplos por tipo -- Apéndice -- Referencias a materiales legales -- El proceso de publicación -- El proceso editorial -- El proceso de publicación -- El proceso editorial -- Las responsabilidades del autor. | |
| 526 | _aP145 | ||
| 526 | _aP127 | ||
| 526 | _aP97 | ||
| 526 | _aP14 | ||
| 526 | _aP07 | ||
| 534 |
_pTítulo original : _tPublication manual of the American Psychological Association, 6th ed. |
||
| 541 | _g048-0005609; | ||
| 541 | _g001-040344; | ||
| 541 | _g001-0035138; | ||
| 541 | _g001-0035138; | ||
| 541 | _g001-0035138; | ||
| 541 | _g001-0035138; | ||
| 541 | _g002-0000301; | ||
| 541 | _g002-00000796; | ||
| 541 | _g002-00001570; | ||
| 541 | _g004-000262; | ||
| 650 | 0 | 7 |
_aPsicologia _xAuditoría _vManuales. |
| 650 | 0 | 4 |
_aCiencias Sociales _xAuditoría _vManuales. |
| 650 | 0 | 4 |
_aPsicologia _xPublicaciones. |
| 700 | 1 |
_aGuerra Frías, Miroslava, _etraductor. |
|
| 700 | 1 |
_aViveros Fuentes, Santiago, _eeditor. |
|
| 910 |
_agl _cfsr _d20130214 |
||
| 910 |
_ctqv _d20170911 |
||
| 910 |
_adbm _bksl _cksl _d20190115 |
||
| 910 |
_abgr _bncf _cncf _d20190814 |
||
| 910 |
_adbm _bncf _cncf _d20191105 |
||
| 942 |
_2ddc _cBOOK |
||
| 994 |
_aC0 _bPEPRU |
||
| 949 |
_a001.8 G86 2010 _wDEWEY _c1 _iFJ08766 _d2018-4-18 _e2018-4-18 _f2017-12-28 _g1 _lCCODEBUJ1 _mBUJ _n2 _p39.00 _r0 _sY _tBOOK _u2017-9-11 _xSALUD _PP33 _0COMPRA _o.STAFF. Colección General Juliaca |
||
| 949 |
_a001.8 G86 2010 _wDEWEY _c2 _iFJ08767 _d2018-5-21 _e2018-5-17 _f2017-12-28 _g1 _lCCODEBUJ1 _mBUJ _n1 _p39.00 _q1 _r0 _sY _tBOOK _u2017-9-11 _xSALUD _PP33 _0COMPRA _o.STAFF. Colección General Juliaca |
||
| 949 |
_a001.8 G86 2010 _wDEWEY _c3 _iFJ08768 _d2018-5-23 _f2017-12-28 _g1 _lCCODEBUJ1 _mBUJ _p39.00 _q3 _r0 _sY _tBOOK _u2017-9-11 _xSALUD _PP33 _0COMPRA _o.STAFF. Colección General Juliaca |
||
| 949 |
_a808.06615 M2 _wDEWEY _c1 _i66578 _d2018-4-16 _e2018-4-12 _f2018-2-12 _g1 _lCCODEBUL1 _mBUL _n11 _p39.00 _r0 _sY _tBOOK _u2015-7-6 _xEDUCACION _PP20 _0COMPRA _o.STAFF. Colección General |
||
| 949 |
_a808.06615 M2 _wDEWEY _c2 _i66579 _lLOST _mBUL _p39.00 _r1 _sY _tBOOK _u2015-7-6 _xEDUCACION _PP20 _o.STAFF. Colección General |
||
| 949 |
_a808.06615 M2 _wDEWEY _c3 _i66580 _d2018-5-6 _e2018-5-3 _f2018-2-12 _g2 _lCCODEBUL1 _mBUL _n4 _p39.00 _r0 _sY _tBOOK _u2015-7-6 _xEDUCACION _PP20 _0COMPRA _o.STAFF. Colección General |
||
| 949 |
_a808.06615 M2 _wDEWEY _c4 _i66581 _d2018-4-29 _e2018-4-27 _f2018-2-12 _g2 _lCCODEBUL1 _mBUL _n3 _p39.00 _r0 _sY _tBOOK _u2015-7-6 _xEDUCACION _PP20 _0COMPRA _o.STAFF. Colección General |
||
| 949 |
_a808.06615 M2 _wDEWEY _c5 _i72285 _d2018-1-30 _e2017-9-4 _f2018-2-12 _g2 _lCCODEBUL1 _mBUL _n2 _p42.46 _q1 _r0 _sY _tBOOK _u2016-1-7 _xEDUCACION _PP04 _0COMPRA _o.STAFF. Colección General |
||
| 949 |
_a808.06615 M2 _wDEWEY _c6 _i72286 _d2018-5-14 _e2018-5-13 _f2018-2-12 _g2 _lCCODEBUL1 _mBUL _n6 _p42.46 _r0 _sY _tBOOK _u2016-1-7 _xEDUCACION _PP04 _0COMPRA _o.STAFF. Colección General |
||
| 949 |
_a808.06615 M2 _wDEWEY _c7 _i72287 _d2018-4-10 _e2018-4-3 _f2018-2-12 _g2 _lCCODEBUL1 _mBUL _n6 _p42.46 _q1 _r0 _sY _tBOOK _u2016-1-7 _xEDUCACION _PP04 _0COMPRA _o.STAFF. Colección General |
||
| 949 |
_a001.8 G86 2010 _wDEWEY _c4 _iFJ11649 _lCCODEBUJ1 _mBUJ _p30.00 _r0 _sY _tBOOK _u2018-09-10 _xFSALUD _zPSICOLOGÍA _0COMPRA _o.STAFF. Colección General Juliaca |
||
| 596 | _a1 2 3 | ||
| 999 |
_a808.06615 M2 _wDEWEY _c54635 _i66578 _d54635 _e2018-4-12 _f2021-11-5 _g4 _lCCODEBUL1 _mBUL _n11 _p39.00 _r0 _sY _tBOOK _u2015-7-6 _xBIBLIOTECA _PP20 _0COMPRA _o.STAFF. Colección General |
||
| 999 |
_a808.06615 M2 _wDEWEY _c2 _i66579 _lLOST _mBUL _p39.00 _r1 _sY _tBOOK _u2015-7-6 _xEDUCACION _PP20 _o.STAFF. Colección General |
||
| 999 |
_a808.06615 M2 _wDEWEY _c3 _i66580 _d2018-5-6 _e2018-5-3 _f2021-11-5 _g5 _lCCODEBUL1 _mBUL _n4 _p39.00 _r0 _sY _tBOOK _u2015-7-6 _xBIBLIOTECA _PP20 _0COMPRA _o.STAFF. Colección General |
||
| 999 |
_a808.06615 M2 _wDEWEY _c4 _i66581 _d2018-4-29 _e2018-4-27 _f2021-11-5 _g5 _lCCODEBUL1 _mBUL _n3 _p39.00 _r0 _sY _tBOOK _u2015-7-6 _xBIBLIOTECA _PP20 _0COMPRA _o.STAFF. Colección General |
||
| 999 |
_a808.06615 M2 _wDEWEY _c5 _i72285 _d2018-11-29 _e2018-9-21 _f2021-11-5 _g5 _lCCODEBUL1 _mBUL _n4 _p42.46 _q1 _r0 _sY _tBOOK _u2016-1-7 _xBIBLIOTECA _PP04 _0COMPRA _o.STAFF. Colección General |
||
| 999 |
_a808.06615 M2 _wDEWEY _c6 _i72286 _d2018-5-14 _e2018-5-13 _f2021-11-5 _g5 _lCCODEBUL1 _mBUL _n6 _p42.46 _r0 _sY _tBOOK _u2016-1-7 _xBIBLIOTECA _PP04 _0COMPRA _o.STAFF. Colección General |
||
| 999 |
_a808.06615 M2 _wDEWEY _c7 _i72287 _d2019-9-27 _e2019-9-5 _f2021-11-9 _g5 _lCCODEBUL1 _mBUL _n8 _p42.46 _q1 _r0 _sY _tBOOK _u2016-1-7 _xEDUCACION _PP04 _0COMPRA _o.STAFF. Colección General |
||
| 999 |
_a808.06615 M2 _wDEWEY _c8 _i79792 _f2021-11-5 _g5 _lCCODEBUL1 _mBUL _p50.25 _r0 _sY _tBOOK _u2019-1-15 _xBIBLIOTECA _PP33 _0COMPRA _1FCOMPR2 _o.STAFF. Colección Ciencias de la Salud |
||
| 999 |
_a808.06615 M2 _wDEWEY _c9 _i79793 _f2021-11-5 _g5 _lCCODEBUL1 _mBUL _p50.25 _r0 _sY _tBOOK _u2019-1-15 _xBIBLIOTECA _PP33 _0COMPRA _1FCOMPR2 _o.STAFF. Colección Ciencias de la Salud |
||
| 999 |
_a808.06615 M2 _wDEWEY _c10 _i80545 _f2021-11-5 _g3 _lCCODEBUL1 _mBUL _p49.62 _r0 _sY _tBOOK _u2019-8-14 _xBIBLIOTECA _PP33 _0COMPRA _1FCOMPR3 _o.STAFF. Colección Ciencias de la Salud |
||
| 999 |
_a808.06615 M2 _wDEWEY _c11 _i80810 _f2021-11-9 _g3 _lCCODEBUL1 _mBUL _p42.83 _r0 _sY _tBOOK _u2019-11-5 _xEDUCACION _zTO-MENCIÓN _0COMPRA _1FCOMPR4 _o.STAFF. Colección Ciencias Humanas y Educación |
||
| 999 |
_a001 G88 2010 _wDEWEY _c1 _iFT00002 _d2018-11-9 _e2018-11-8 _f2019-2-20 _g2 _lCCODEBUT1 _mBUT _n3 _p33.00 _r0 _sY _tBOOK _u2015-8-28 _xSALUD _PP33 _0UNKNOWN _o.STAFF. Colección General |
||
| 999 |
_a001 G88 2010 _wDEWEY _c2 _iFT03254 _d2018-8-15 _e2018-8-13 _f2019-2-20 _g2 _lCCODEBUT1 _mBUT _n1 _p39.03 _r0 _sY _tBOOK _u2018-6-12 _xINGENIERIA _PP06 _o.STAFF. Colección General |
||
| 999 |
_a001.8 G86 2010 _wDEWEY _c1 _iFJ08766 _d2019-11-19 _e2018-4-18 _f2021-12-27 _g4 _lCCODEBUJ1 _mBUJ _n2 _p39.00 _q5 _r0 _sY _tBOOK _u2017-9-11 _xSALUD _PP33 _0COMPRA _o.STAFF. Colección General Juliaca |
||
| 999 |
_a001.8 G86 2010 _wDEWEY _c2 _iFJ08767 _d2019-12-4 _e2018-6-5 _f2021-12-27 _g4 _lCCODEBUJ1 _mBUJ _n2 _p39.00 _q12 _r0 _sY _tBOOK _u2017-9-11 _xSALUD _PP33 _0COMPRA _o.STAFF. Colección General Juliaca |
||
| 999 |
_a001.8 G86 2010 _wDEWEY _c3 _iFJ08768 _d2019-7-8 _f2021-12-27 _g4 _lCCODEBUJ1 _mBUJ _p39.00 _q6 _r0 _sY _tBOOK _u2017-9-11 _xSALUD _PP33 _0COMPRA _o.STAFF. Colección General Juliaca |
||
| 999 |
_a001.8 G86 2010 _wDEWEY _c4 _iFJ11649 _d2018-9-18 _f2021-12-27 _g3 _lCCODEBUJ1 _mBUJ _p30.00 _q1 _r0 _sY _tBOOK _u2018-9-11 _xSALUD _PP33 _0COMPRA _1FCOMPRA _o.STAFF. Colección General Juliaca |
||
| 980 |
_81 _gALBERTO SANCHEZ Responsable de Automatización |
||